000
00319nam a2200133Ia 4500
008
191201s2005 xx 000 0 und d
100
_a
DESWAL, S S
245
0
_a
Environmental Engineering
250
_a
1st
260
_a
N.Delhi
_b
Dhanpat Rai Pub (P) Ltd
_c
2005
300
_a
288
650
_a
Applied
942
_2
ddc
_c
BK
999
_c
2210
_d
2210